| 000 | 00406nam a2200169Ia 4500 | ||
|---|---|---|---|
| 003 | 0STCL | ||
| 008 | 150530s9999 xx 000 0 und d | ||
| 040 |
_aSTCL _cSTCL |
||
| 100 | _aJamshed Batli Boi, R. | ||
| 245 | _aPrinciples and practice of Auditing | ||
| 250 | _aNinth | ||
| 260 |
_bStandard accountancy _c1952 |
||
| 546 | _aEnglish | ||
| 942 |
_2ddc _cBK |
||
| 999 |
_c41718 _d41718 |
||
| 005 | 20220125170540.0 | ||